| 000 | 01100nam a22002057a 4500 | ||
|---|---|---|---|
| 999 |
_c63178 _d63178 |
||
| 003 | Ge_BSU | ||
| 005 | 20250619105439.0 | ||
| 008 | 250619s2024 ge ||||| |||| 00| 0 geo d | ||
| 020 | _a9789941990700 | ||
| 041 | _ageo | ||
| 080 | _a347.4(075.8) ბ-73 | ||
| 100 |
_aბიჭია, მიხეილ _98142 |
||
| 245 |
_aკანონისმიერი და დელიქტური ვალდებულებები : _b(დამხმარე სახელმძღვანელო) / _c მიხეილ ბიჭია; რედაქტორი ზურაბ ძლიერიშვილი. |
||
| 264 |
_aთბილისი : _bბონა კაუზა, _c2024. |
||
| 300 |
_a510 გვ. ; _b20 სმ. |
||
| 504 | _aბიბლიოგრაფია ტექსტის შენიშვნებში და გვ. 471-508. | ||
| 653 | _aდელიქტური ვალდებულებები | ||
| 700 |
_aძლიერიშვილი, ზურაბ _e რედაქტორი _98152 |
||
| 942 |
_2udc _cᲬᲘᲒᲜᲘ |
||